| 000 | 00470nam a2200157 i 4500 | ||
|---|---|---|---|
| 001 | 134742 | ||
| 003 | ES-MaACL | ||
| 005 | 20230906194733.0 | ||
| 007 | t| | ||
| 008 | 070913s1921 gw ||||1| ger d | ||
| 100 | 1 |
_aWilamowitz-Moellendorff, Ulrich von. _9116801 |
|
| 245 | 1 | 0 |
_aEinleitung in die griechische Tragödie / _cvon Ulrich von Wilamowitz-Moellendorff. |
| 260 |
_aBerlin : _bWeidmann, _c1921. |
||
| 300 |
_aX, 258 p. ; _c24 cm. |
||
| 852 |
_aES-MaACL _jG-2795 |
||
| 999 |
_c134742 _d134742 |
||